[Event "Cup Mitropa"]
[Site "masterchessopen.com - Luxembourg"]
[Round "1"]
[White "Huss Andreas (SUI)"]
[Black "Velickovic Sasa (SRB)"]
[Result "1-0"]
[WhiteElo "2308"]
[BlackElo "2410"]

1.d4 Nf6 2.Nf3 c5 3.d5 g6 4.c4 Bg7 5.Nc3 O-O 6.e4 d6 7.Be2 e6 8.O-O exd5
9.cxd5 Re8 10.Nd2 Nbd7 11.a4 a6 12.Ra3 Rb8 13.a5 Ne5 14.Qc2 g5 15.Nc4 Nxc4
16.Bxc4 Ng4 17.Ne2 Ne5 18.b3 g4 19.Ng3 Qh4 20.Bd2 Bd7 21.Qc1 h6 22.Kh1 Rf8
23.Qc2 Kh8 24.Bc3 Rbe8 25.Raa1 Qg5 26.Rae1 f5 27.Nxf5 Bxf5 28.exf5 Rxf5 29.Bd3
Rff8 30.Be4 Re7 31.Bd2 Qh5 32.g3 Rfe8 33.Bg2 Nf3 34.Bxf3 gxf3 35.Rxe7 Rxe7
36.Qd3 Re5 37.Bc3 Rxd5 38.Bxg7+ Kxg7 39.Qe4 Qf5 40.Qe7+ Qf7 41.Qe4 Rd4 42.Qe3
Rb4 43.Qc3+ Qf6 44.Qd3 Qe6 45.Qxf3 Rxb3 46.Qd1 Qe4+ 47.Kg1 Rd3 48.Qa1+ Qd4
49.Qb1 Qd5 50.Qb2+ Kg6 51.Re1 Rd2 52.Qh8 Qf7 53.f4 Kh5 54.Qc8 Qd5 55.Re5+ Qxe5
56.fxe5 {#r} 1-0

[Event "It"]
[Site "masterchessopen.com - Amsterdam (Netherlands)"]
[Round "0"]
[White "Van Der Sterren Paul (NED)"]
[Black "Gruenfeld Yehuda (ISR)"]
[Result "1-0"]
[WhiteElo "2465"]
[BlackElo "2480"]

1.d4 Nf6 2.c4 e6 3.Nf3 c5 4.d5 exd5 5.cxd5 d6 6.Nc3 g6 7.e4 Bg7 8.Be2 O-O
9.O-O Re8 10.Nd2 Nbd7 11.a4 Ne5 12.h3 g5 13.Nf3 Nxf3+ 14.Bxf3 Re5 15.Be2 Nxe4
16.f4 Nxc3 17.bxc3 gxf4 18.Bxf4 Qh4 19.Bd3 Bd7 20.Qf3 Rf8 21.Bxe5 Bxe5 22.Rab1
Bc8 23.Bf5 Bxf5 24.Qxf5 b6 25.Rbe1 Qg3 26.Qf3 Qg7 27.c4 f5 28.Kh1 Kh8 29.Re2
Qg5 30.Ra2 Qh4 31.g4 Rg8 32.Rg2 f4 33.g5 Rxg5 34.Rxg5 Qxg5 35.Qg4 Qd8 36.Qf5
Qe8 37.Rg1 Bd4 38.Qe6 Qd8 39.Rg4 f3 40.Qf7 f2 41.Kg2 a6 42.Kf1 b5 43.Re4 Be5
44.axb5 axb5 45.cxb5 {#r} 1-0

[Event "Zt (cat.10)"]
[Site "masterchessopen.com - Baile Herculane (Romania)"]
[Round "0"]
[White "Schmidt Wlodzimierz (POL)"]
[Black "Sax Gyula (HUN)"]
[Result "0-1"]
[WhiteElo "2485"]
[BlackElo "2560"]

1.d4 Nf6 2.c4 c5 3.d5 e6 4.Nc3 exd5 5.cxd5 d6 6.e4 g6 7.Nf3 Bg7 8.Be2 O-O
9.O-O Re8 10.Nd2 Nbd7 11.a4 Ne5 12.Qc2 g5 13.Nc4 Nxc4 14.Bxc4 Ng4 15.Ra3 Ne5
16.Bb5 Rf8 17.f4 gxf4 18.Bxf4 Ng6 19.Bg3 h5 20.Ne2 h4 21.Be1 a6 22.Bc4 Bd7
23.a5 Qe7 24.Nf4 Rae8 25.Nxg6 fxg6 26.Rxf8+ Bxf8 27.Bd3 Bg7 28.Bf2 h3 29.e5
Qg5 30.Bg3 Bxe5 31.Bxg6 Bd4+ 32.Kh1 Rf8 33.Rf3 Rxf3 34.gxf3 Qe3 {#R} 0-1

[Event "It (young masters)"]
[Site "masterchessopen.com - Gausdal (Norway)"]
[Round "7"]
[White "Andruet Gilles (FRA)"]
[Black "Tisdall Jonathan D (NOR)"]
[Result "0-1"]
[WhiteElo "2370"]
[BlackElo "2435"]

1.d4 Nf6 2.c4 e6 3.Nf3 c5 4.d5 exd5 5.cxd5 d6 6.Nc3 g6 7.e4 Bg7 8.Be2 O-O
9.O-O Re8 10.Nd2 a6 11.a4 Nbd7 12.Qc2 b6 13.Rb1 Ne5 14.b3 Qe7 15.Bb2 g5
16.Rfe1 Rb8 17.Nf1 g4 18.Ng3 h5 19.Nf5 Bxf5 20.exf5 Qb7 21.Qd2 Re7 22.Rbd1
Rbe8 23.Kf1 Ned7 24.Bc4 Re5 25.Rxe5 Rxe5 26.Qd3 Nb8 27.Ne4 Rxe4 28.Bxf6 Re8
29.Bxg7 Kxg7 30.f6+ Kxf6 31.Qc3+ Kg6 32.Bd3+ f5 33.Qc4 Qe7 34.Qf4 Qe5 35.Qc1
Qxh2 36.Bxf5+ Kxf5 37.Qc2+ Kf6 38.Qc3+ {#R} 0-1

[Event "It"]
[Site "masterchessopen.com - Leningrad (Russia)"]
[Round "0"]
[White "Nepomnishay Mikhail I (RUS)"]
[Black "Agapov K (RUS)"]
[Result "1-0"]
[WhiteElo "2446"]
[BlackElo "2395"]

1.d4 Nf6 2.c4 c5 3.d5 e6 4.Nc3 exd5 5.cxd5 d6 6.Nf3 g6 7.Nd2 Bg7 8.e4 O-O
9.Be2 Re8 10.O-O Nbd7 11.Re1 Ne5 12.a4 g5 13.Nf1 h6 14.Ne3 Nh7 15.Bd2 Nf8
16.Nf5 Bxf5 17.exf5 a6 18.b3 Nfd7 19.Rb1 Nf6 20.Qc2 Rb8 21.Ra1 Ned7 22.Bc4
Rxe1+ 23.Rxe1 Ne5 24.Be2 Qd7 25.f4 gxf4 26.Bxf4 Re8 27.Rf1 Neg4 28.Qd3 Qe7
29.h3 Ne5 30.Qd2 Kh7 31.Rf2 Ned7 32.Bd3 Qe1+ 33.Qxe1 Rxe1+ 34.Rf1 Ne5 35.Bc2
Rxf1+ 36.Kxf1 h5 37.Bxe5 dxe5 38.d6 Bf8 39.Ne4 Nxe4 40.d7 Be7 41.Bxe4 Kh6
42.Bxb7 a5 43.g3 Kg5 44.Be4 Bd8 45.Kg2 Kf6 46.h4 Ke7 47.Bd5 f6 48.Kf3 Kxd7
49.Ke4 Be7 50.Bf7 Kd6 51.Bxh5 Bf8 52.Bf3 Bh6 53.Kd3 Bc1 54.Be4 Ke7 55.Kc4 Ba3
56.g4 Bb4 57.h5 Bd2 58.Kxc5 Kf7 59.Kd6 Bb4+ 60.Kd7 Bd2 61.Bd5+ Kg7 62.Ke6 Bc3
63.g5 fxg5 64.f6+ Kh6 65.Bf3 e4 66.Bg4 e3 67.f7 Bb4 68.Kd7 Kg7 69.Ke8 Ba3
70.h6+ Kxh6 71.f8=Q+ Bxf8 72.Kxf8 Kg6 73.Ke7 {#r} 1-0

[Event "Olympiad"]
[Site "masterchessopen.com - Lucerne (Switzerland)"]
[Round "9"]
[White "Goh Yoon-Wah (MAS)"]
[Black "Wallace Paul (IRL)"]
[Result "1-0"]
[WhiteElo "2180"]
[BlackElo "2229"]

1.d4 Nf6 2.c4 e6 3.Nc3 c5 4.d5 exd5 5.cxd5 d6 6.e4 g6 7.Nf3 Bg7 8.Be2 O-O
9.O-O Re8 10.Nd2 a6 11.a4 Nbd7 12.Qc2 Rb8 13.a5 Ne5 14.f4 Neg4 15.Nc4 Nh5
16.e5 dxe5 17.h3 exf4 18.Bxg4 Bxg4 19.Bxf4 Bf5 20.Qd2 Nxf4 21.Rxf4 Qg5 22.Raf1
Rbd8 23.Kh1 Bxc3 24.bxc3 Be6 25.dxe6 Rxe6 26.Qf2 f5 27.Qxc5 Re2 28.R4f2 Qh5
29.Nd6 Rxf2 30.Qd5+ Kg7 31.Rxf2 Qh4 32.Qxb7+ Kg8 33.Qd5+ Kg7 34.Qe5+ Kg8
35.Rf4 Qg5 36.Qe6+ Kg7 37.Rc4 Qc1+ 38.Kh2 Rf8 39.Ne8+ Kh6 40.Qe7 {#r} 1-0

[Event "Olympiad"]
[Site "masterchessopen.com - Lucerne (Switzerland)"]
[Round "0"]
[White "Polugaevsky Lev A (RUS)"]
[Black "Nokes Roger I (NZL)"]
[Result "1-0"]
[WhiteElo "2610"]
[BlackElo "2305"]

1.d4 Nf6 2.c4 c5 3.d5 e6 4.Nc3 exd5 5.cxd5 d6 6.Nf3 g6 7.Nd2 Bg7 8.e4 O-O
9.Be2 Re8 10.O-O Nbd7 11.Qc2 Ne5 12.b3 g5 13.Bb2 g4 14.Nd1 Nh5 15.f4 gxf3
16.Nxf3 Nf4 17.Bb5 Rf8 18.Nxe5 dxe5 19.Rf3 Qb6 20.Bc4 Kh8 21.Ne3 Rg8 22.Kh1
Bd7 23.g3 Nh5 24.Nf5 Bxf5 25.Rxf5 Qh6 26.Qf2 Nf6 27.Qf3 Ne8 28.Bxe5 Bxe5
29.Rxe5 Qg7 30.Qf4 Nd6 31.Re1 Rad8 32.Re7 b5 33.Bf1 c4 34.e5 Nc8 35.Rxf7 Qg6
36.bxc4 bxc4 37.Bxc4 Nb6 38.Bd3 {#r} 1-0

[Event "Ch Poland"]
[Site "masterchessopen.com - Poland"]
[Round "0"]
[White "Nowak Ignacy (POL)"]
[Black "Pokojowczyk Jerzy (POL)"]
[Result "0-1"]
[WhiteElo "2367"]
[BlackElo "2420"]

1.d4 Nf6 2.c4 c5 3.d5 e6 4.Nc3 exd5 5.cxd5 d6 6.e4 g6 7.Be2 Bg7 8.Nf3 O-O
9.Nd2 Re8 10.O-O Nbd7 11.a4 Ne5 12.Qc2 g5 13.Ra3 g4 14.Nd1 Nh5 15.f4 gxf3
16.Nxf3 Nxf3+ 17.Bxf3 Be5 18.g3 Bh3 19.Re1 Nf6 20.Nf2 Bd7 21.Bg5 Qa5 22.Rf1
Ng4 23.Bd2 Qb6 24.Bc3 Bxc3 25.Rxc3 Ne5 26.b3 Qd8 27.Qc1 f5 28.Bh5 Rf8 29.Qe3
Qe7 30.Rcc1 Qg7 31.Nd3 Nxd3 32.Qxd3 Qg5 33.Be2 Rae8 34.exf5 Bxf5 35.Qc4 Qe3+
36.Rf2 Bh3 37.Bf3 Rxf3 38.Rf1 Rxf2 39.Rxf2 Qe1+ 40.Rf1 Qxf1+ {#R} 0-1

[Event "It (cat.8)"]
[Site "masterchessopen.com - Polanica Zdroj (Poland)"]
[Round "0"]
[White "Panczyk Krzysztof (POL)"]
[Black "Pokojowczyk Jerzy (POL)"]
[Result "1-0"]
[WhiteElo "2352"]
[BlackElo "2420"]

1.d4 Nf6 2.c4 c5 3.d5 e6 4.Nc3 exd5 5.cxd5 d6 6.e4 g6 7.Nf3 Bg7 8.Be2 O-O
9.O-O Re8 10.Nd2 Nbd7 11.Qc2 Ne5 12.b3 a6 13.Bb2 g5 14.a4 Nfg4 15.Nd1 Qf6
16.Bxg4 Bxg4 17.f3 Bd7 18.Nc4 Qg6 19.Nb6 Rad8 20.Ne3 h5 21.Kh1 Bc8 22.Nxc8
Rxc8 23.Nf5 c4 24.Rac1 b5 25.bxc4 Bh8 26.Bxe5 Bxe5 27.axb5 axb5 28.Qb3 bxc4
29.Rxc4 Rxc4 30.Qxc4 Kh7 31.g3 Ra8 32.f4 gxf4 33.gxf4 Bh8 34.Rg1 Ra1 35.Rxa1
Bxa1 36.Qe2 Bc3 37.Ne7 Qh6 38.Qg2 Qg7 39.Qh3 Qg4 40.Qxg4 hxg4 41.Kg2 Bb4
42.Kg3 Kg7 43.Kxg4 Kf6 44.Nf5 Ba3 45.h4 Bb4 46.h5 Ba3 47.Nxd6 {#r} 1-0

[Event "It (cat.7)"]
[Site "masterchessopen.com - Varna (Bulgaria)"]
[Round "0"]
[White "Savon Vladimir A (UKR)"]
[Black "Pokojowczyk Jerzy (POL)"]
[Result "1-0"]
[WhiteElo "2485"]
[BlackElo "2420"]

1.d4 Nf6 2.c4 c5 3.d5 e6 4.Nc3 exd5 5.cxd5 d6 6.e4 g6 7.Nf3 Bg7 8.Be2 O-O
9.O-O Re8 10.Nd2 Nbd7 11.a4 Ne5 12.Ra3 g5 13.Re1 Ng6 14.Bb5 Rf8 15.Nf1 Ng4
16.Be2 N4e5 17.Ng3 Nf4 18.Nf5 Qf6 19.Nxg7 Kxg7 20.Be3 Kh8 21.Nb1 Rg8 22.Nd2 g4
23.Kh1 Bd7 24.Bf1 Rae8 25.Qb3 Bc8 26.Qc3 Nh5 27.g3 Nf3 28.Nxf3 Qxc3 29.Rxc3
gxf3 30.Bd2 f5 31.Rxf3 Rgf8 32.Bb5 Rd8 33.Bh6 Ng7 34.e5 dxe5 35.Rxe5 Rd6
36.Bg5 {#r} 1-0

[Event "Ch URS (qual)"]
[Site "masterchessopen.com - Yaroslavl (Russia)"]
[Round "0"]
[White "Kharitonov Andrei V (RUS)"]
[Black "Chekhov Valery A (RUS)"]
[Result "0-1"]
[WhiteElo "2525"]
[BlackElo "2475"]

1.Nf3 c5 2.c4 g6 3.d4 Bg7 4.d5 Nf6 5.Nc3 O-O 6.e4 e6 7.Be2 exd5 8.cxd5 Re8
9.Nd2 d6 10.O-O Nbd7 11.a4 Ne5 12.Qc2 g5 13.Nf3 Nxf3+ 14.Bxf3 Ng4 15.Bxg4 Bxg4
16.f4 gxf4 17.Bxf4 Bh5 18.Nb5 Be5 19.Ra3 Bg6 20.Raf3 a6 21.Bxe5 Rxe5 22.Nc3 b5
23.axb5 axb5 24.Nxb5 Bxe4 25.Rg3+ Bg6 26.Qf2 Qe7 27.b4 Rb8 28.Na3 Rxb4 29.Qf3
Rbe4 30.Nc2 Rg5 31.h3 Rxg3 32.Qxg3 Qe5 33.Rf3 Qxg3 34.Rxg3 f5 35.Rc3 f4 36.Kf2
Re5 37.Kf3 Bxc2 38.Rxc2 Rxd5 39.Kxf4 Kf7 40.Ra2 Kf6 41.Ra7 Rf5+ 42.Ke3 Re5+
43.Kf4 Re7 44.Ra6 Ke6 45.g4 Kd5 {#R} 0-1

[Event "Ch Poland (team)"]
[Site "masterchessopen.com - Gdynia (Poland)"]
[Round "6"]
[White "Panczyk Krzysztof (POL)"]
[Black "Sygulski Artur (POL)"]
[Result "1-0"]
[WhiteElo "2352"]
[BlackElo "2378"]

1.d4 Nf6 2.c4 c5 3.d5 d6 4.Nc3 g6 5.e4 Bg7 6.Nf3 O-O 7.Be2 e6 8.O-O exd5
9.cxd5 Re8 10.Nd2 Nbd7 11.Qc2 Ne5 12.b3 a6 13.Bb2 g5 14.a4 g4 15.Nd1 Nh5 16.g3
Ng6 17.Bxg7 Nxg7 18.Ne3 h5 19.Ndc4 Rb8 20.a5 Qe7 21.Bd3 Bd7 22.Rfe1 Qf6
23.Rac1 Bb5 24.Qc3 Qxc3 25.Rxc3 Rbd8 26.Rb1 Re7 27.Kg2 Ne5 28.Bc2 Nf3 29.h3
Ng5 30.hxg4 Nxe4 31.Bxe4 Rxe4 32.gxh5 Nxh5 33.Rh1 Ng7 34.Rh6 Bxc4 35.bxc4 Kf8
36.Rb3 Rd7 37.Rh8+ Ke7 38.Rb8 Kf6 39.R3xb7 Rde7 40.Rxe7 Rxe7 41.Rb6 Ke5
42.Rxa6 f5 43.Ra8 f4 44.gxf4+ Kxf4 45.a6 Ke4 46.a7 Kd3 47.Kf3 Nh5 48.Rh8 {#r}
1-0

[Event "It (cat.7)"]
[Site "masterchessopen.com - Aarhus (Denmark)"]
[Round "11"]
[White "Ftacnik Lubomir (SVK)"]
[Black "Tisdall Jonathan D (NOR)"]
[Result "1-0"]
[WhiteElo "2535"]
[BlackElo "2420"]

1.d4 Nf6 2.Nf3 e6 3.c4 c5 4.d5 exd5 5.cxd5 d6 6.Nc3 g6 7.e4 Bg7 8.Nd2 O-O
9.Be2 Re8 10.O-O Nbd7 11.Qc2 Ne5 12.b3 Qe7 13.Bb2 Bd7 14.Rae1 g5 15.Bb5 Nh5
16.Bxd7 Qxd7 17.Nd1 Nf4 18.Bxe5 Bxe5 19.Ne3 b5 20.Nf5 Kh8 21.g3 Ng6 22.Nf3 Bf6
23.h3 Rac8 24.Nh2 Be5 25.Qd2 Rg8 26.Ng4 Ne7 27.Nfh6 Rg7 28.Re3 Rf8 29.Rf3 Bd4
30.Kg2 Ng6 31.Nf5 Be5 32.Nxe5 {#r} 1-0

[Event "It (open)"]
[Site "masterchessopen.com - Balatonbereny (Hungary)"]
[Round "0"]
[White "Pinter Jozsef (HUN)"]
[Black "Lawton Geoffrey W (ENG)"]
[Result "1-0"]
[WhiteElo "2535"]
[BlackElo "2380"]

1.d4 Nf6 2.c4 e6 3.Nf3 c5 4.d5 exd5 5.cxd5 d6 6.Nc3 g6 7.e4 Bg7 8.Be2 O-O
9.O-O Re8 10.Nd2 Nbd7 11.a4 g5 12.Re1 Ne5 13.Nf1 g4 14.Ng3 a6 15.Bd2 Rb8
16.Qc2 c4 17.b4 cxb3 18.Qxb3 Nfd7 19.Qa3 Nc5 20.Reb1 Ned3 21.Ra2 Qf6 22.Bxd3
Nxd3 23.Nd1 Nc5 24.f3 gxf3 25.gxf3 Bh3 26.Nf2 Bd7 27.Kh1 Qh4 28.Bc3 f6 29.Rg1
Kf7 30.e5 fxe5 31.Nge4 Bf8 32.Ng5+ Kg8 33.Nfe4 Nxe4 34.Nxe4+ Kh8 35.Rag2 Be7
36.Nxd6 Rf8 37.Rg8+ {#r} 1-0

[Event "Bundesliga (2nd) 1982/83"]
[Site "masterchessopen.com - Germany"]
[Round "0"]
[White "Weiss-Nowack Christian (GER)"]
[Black "Lindeman Sven (SWE)"]
[Result "0-1"]
[WhiteElo "2245"]
[BlackElo "2196"]

1.d4 Nf6 2.c4 c5 3.d5 e6 4.Nc3 exd5 5.cxd5 d6 6.e4 g6 7.Nf3 Bg7 8.Be2 O-O
9.O-O Re8 10.Nd2 Nbd7 11.a4 a6 12.Qc2 Ne5 13.f4 Neg4 14.Nc4 Nxe4 15.Bxg4 Nxc3
16.Bf3 Bf5 17.Qb3 Bd4+ 18.Be3 Bxe3+ 19.Nxe3 Rxe3 20.bxc3 Qe7 21.a5 Re8 22.Qb2
Bd3 23.Rfc1 Be2 24.Bxe2 Rxe2 25.Qb1 Qe3+ 26.Kh1 Qxf4 27.Rf1 Qg5 28.Rg1 Qxd5
29.c4 Qe5 {#R} 0-1

[Event "Bundesliga 1982/83"]
[Site "masterchessopen.com - Germany"]
[Round "0"]
[White "Podzielny Karl-Heinz (GER)"]
[Black "Kestler Hans-Guenther (GER)"]
[Result "0-1"]
[WhiteElo "2470"]
[BlackElo "2323"]

1.d4 Nf6 2.c4 e6 3.Nf3 c5 4.d5 exd5 5.cxd5 d6 6.Nc3 g6 7.e4 Bg7 8.Be2 O-O
9.O-O Re8 10.Nd2 Nbd7 11.Qc2 Ne5 12.b3 g5 13.Bb2 Ng6 14.g3 Bh3 15.Rfe1 a6
16.a4 Qc7 17.Bf1 Bd7 18.a5 Ng4 19.h3 N4e5 20.Nd1 Qc8 21.Ne3 Bxh3 22.Nf5 Bxf5
23.exf5 Nf8 24.f4 gxf4 25.gxf4 Ng4 26.Ne4 Bxb2 27.Qxb2 Rxe4 28.Rxe4 Qxf5
29.Rae1 Nf6 30.Re7 Ng6 31.Rxb7 Nxf4 32.Re3 Kh8 33.Rg3 Rg8 34.Rxg8+ Kxg8
35.Rb8+ Kg7 36.Qc3 Qg5+ 37.Kh2 Qh4+ 38.Kg1 Kh6 39.Qf3 Qg5+ 40.Kh1 Ng4 41.Qg3
Qxd5+ 42.Kg1 Qd4+ 43.Kh1 Qe4+ 44.Kg1 Qd4+ 45.Kh1 Nf2+ 46.Kh2 Nh5 47.Qf3 Qe5+
48.Kg2 Ne4 49.Rg8 f5 50.Bxa6 Nf4+ 51.Kh1 Ng5 52.Rxg5 Kxg5 53.Bf1 Nh5 54.a6
Ng3+ 55.Kg2 Nxf1 56.Qxf1 Qe7 57.Qf3 d5 58.Qxd5 Qe2+ 59.Kh1 Qxa6 60.Qxc5 Qb7+
{#R} 0-1

[Event "Ch USA"]
[Site "masterchessopen.com - Greenville (USA)"]
[Round "0"]
[White "Benjamin Joel (USA)"]
[Black "De Firmian Nick E (USA)"]
[Result "1-0"]
[WhiteElo "2485"]
[BlackElo "2520"]

1.d4 Nf6 2.c4 e6 3.Nf3 c5 4.d5 exd5 5.cxd5 d6 6.Nc3 g6 7.e4 Bg7 8.Be2 O-O
9.O-O Re8 10.Nd2 Nbd7 11.a4 Ne5 12.Re1 a6 13.Qc2 Rb8 14.a5 Nh5 15.Bxh5 gxh5
16.Nd1 Bd7 17.Ne3 Qf6 18.Ra3 Re7 19.h3 Rbe8 20.Qd1 h4 21.Rf1 Ng6 22.Nec4 Nf4
23.Qf3 Bb5 24.Re3 Bh6 25.b3 Qg6 26.Rfe1 Bd7 27.Kh1 Nh5 28.Nxd6 Bxe3 29.Rxe3
Qxd6 30.Qxh5 Qf4 31.Rf3 Re5 32.Qxh7+ Kxh7 33.Rxf4 f5 34.f3 Kg6 35.Rxh4 Bb5
36.Bb2 R5e7 37.Rf4 Rf7 38.Kh2 Bd3 39.Kg3 Rfe7 40.Rxf5 {#r} 1-0

[Event "Memorial J.Capablanca (a)"]
[Site "masterchessopen.com - Habana (Cuba)"]
[Round "0"]
[White "Hernandez Roman (CUB)"]
[Black "Fernandez Juan C (CUB)"]
[Result "1-0"]
[WhiteElo "2450"]
[BlackElo "2410"]

1.d4 Nf6 2.c4 g6 3.Nc3 Bg7 4.e4 d6 5.Nf3 O-O 6.Be2 c5 7.O-O Re8 8.d5 e6 9.Nd2
exd5 10.cxd5 Nbd7 11.a4 Ne5 12.Ra3 g5 13.Re1 g4 14.Nf1 h6 15.Ng3 a6 16.Be3 Rb8
17.Qd2 Kh7 18.Rb1 Bd7 19.b4 b5 20.axb5 axb5 21.Ra6 cxb4 22.Rxb4 Qc7 23.Ra7 Rb7
24.Nxb5 Bxb5 25.Rxb7 Qxb7 26.Rxb5 Qc7 27.Rb1 h5 28.Rc1 Qd7 29.Bg5 Rg8 30.Rf1
Qa4 31.Qf4 Ng6 32.Qf5 Nxe4 33.Qxe4 Qxe4 34.Nxe4 Re8 35.Bd3 Re5 36.Bc1 Rxd5
37.Bc4 Rd4 38.Ng5+ Kh8 39.Bxf7 {#r} 1-0

[Event "It"]
[Site "masterchessopen.com - Hastings (England)"]
[Round "0"]
[White "Lein Anatoly (USA)"]
[Black "Plaskett Jim (ENG)"]
[Result "1-0"]
[WhiteElo "2465"]
[BlackElo "2425"]

1.d4 Nf6 2.c4 c5 3.d5 g6 4.Nc3 Bg7 5.Nf3 O-O 6.e4 d6 7.Be2 e6 8.O-O exd5
9.cxd5 Re8 10.Nd2 Nbd7 11.Qc2 Ne5 12.b3 g5 13.Bb2 Ng6 14.Rae1 Nf4 15.Bb5 Rf8
16.a4 a6 17.Bc4 Ng4 18.Ne2 Ne5 19.Kh1 Re8 20.Nxf4 gxf4 21.Be2 Rb8 22.Nc4 b5
23.Nxe5 Bxe5 24.Bxe5 Rxe5 25.axb5 axb5 26.Ra1 Qe7 27.Bf3 f5 28.exf5 Bxf5
29.Qd2 Rf8 30.b4 c4 31.Qd4 Bd3 32.Rg1 Qf6 33.Qb6 Re7 34.Qxb5 Rfe8 35.h3 Qd4
36.Qc6 c3 37.Qxd6 c2 38.Rac1 Qxf2 39.Qc5 Qg3 40.d6 Re1 41.d7 Rxg1+ 42.Rxg1
{#r} 1-0

[Event "Ch URS (qual)"]
[Site "masterchessopen.com - Irkutsk (Russia)"]
[Round "0"]
[White "Pigusov Evgeny (RUS)"]
[Black "Chekhov Valery A (RUS)"]
[Result "1-0"]
[WhiteElo "2440"]
[BlackElo "2530"]

1.Nf3 c5 2.c4 g6 3.d4 Bg7 4.d5 Nf6 5.Nc3 e6 6.e4 exd5 7.cxd5 O-O 8.Be2 d6
9.Nd2 Re8 10.O-O Nbd7 11.f4 c4 12.Kh1 Nc5 13.e5 dxe5 14.fxe5 Rxe5 15.Nxc4 Rf5
16.Bf4 g5 17.Be5 b5 18.Nxb5 Nce4 19.Qd4 Qxd5 20.Bf3 Be6 21.b3 Qxb5 22.Bxe4
Rxf1+ 23.Rxf1 Nxe4 24.Bxg7 Qd5 25.Qa1 Rd8 26.Bh8 f6 27.Bxf6 Rf8 28.Be5 Rf2
29.Rxf2 Nxf2+ 30.Kg1 Nd3 31.Bh8 Qc5+ 32.Qd4 Qxd4+ 33.Bxd4 a6 34.Be3 h6 35.Bd2
Kf7 36.Kf1 Bxc4 37.bxc4 Ne5 38.c5 Ke6 39.Be3 Kd5 40.Ke2 {#r} 1-0

[Event "It (cat.11)"]
[Site "masterchessopen.com - Jakarta (Indonesia)"]
[Round "0"]
[White "Schmidt Wlodzimierz (POL)"]
[Black "Romanishin Oleg M (UKR)"]
[Result "0-1"]
[WhiteElo "2450"]
[BlackElo "2575"]

1.d4 Nf6 2.c4 e6 3.Nf3 c5 4.d5 exd5 5.cxd5 d6 6.Nc3 g6 7.Nd2 Bg7 8.e4 O-O
9.Be2 Re8 10.O-O b6 11.a4 Ba6 12.Bxa6 Nxa6 13.Re1 Nd7 14.a5 Ne5 15.axb6 Qxb6
16.Nf3 Nxf3+ 17.Qxf3 Nb4 18.Re2 a5 19.Bf4 c4 20.Qg3 Rad8 21.Bg5 Rb8 22.Qh4 Re5
23.Bf4 Nd3 24.Be3 Qb3 25.h3 Ree8 26.Ra3 Qb7 27.Rxa5 Nxb2 28.Nb5 Nd3 29.g3 Qd7
30.Nd4 c3 31.Ra1 Rb2 32.Rd1 Bxd4 33.Rxb2 Bxe3 {#R} 0-1

[Event "It (open)"]
[Site "masterchessopen.com - Lugano (Switzerland)"]
[Round "0"]
[White "Grooten Herman (NED)"]
[Black "Short Nigel D (ENG)"]
[Result "0-1"]
[WhiteElo "2340"]
[BlackElo "2475"]

1.d4 Nf6 2.c4 e6 3.Nf3 c5 4.d5 exd5 5.cxd5 d6 6.Nc3 g6 7.e4 Bg7 8.Nd2 O-O
9.Be2 Re8 10.O-O Nbd7 11.Re1 a6 12.a4 Qc7 13.Qc2 Rb8 14.Nc4 Nb6 15.Ne3 Bd7
16.Bd2 Nc8 17.a5 Na7 18.Nc4 Nb5 19.Bf1 Ng4 20.h3 Ne5 21.Nb6 Nd4 22.Qd1 Bb5
23.Nxb5 Nxb5 24.Rc1 Nd7 25.Nc4 Nf6 26.Qf3 Qe7 27.e5 Nd4 28.Qa3 dxe5 29.Rxe5
Qf8 30.Bf4 Rxe5 31.Bxe5 Rd8 32.d6 Ne4 33.Qe3 Bxe5 34.Qxe4 Bxd6 35.Qxb7 Bb8
36.Re1 Nc2 37.Re7 Nb4 38.Ne3 Nc6 39.Rd7 Nxa5 40.Rxd8 Qxd8 41.Qxa6 h5 42.Bc4
Nxc4 43.Qxc4 Qe7 44.b3 Be5 45.Nd5 Qa7 46.g3 Bd4 47.Qa4 Qb8 48.Kg2 Kg7 49.Nf4
Qb7+ 50.f3 Qe7 51.h4 Qe3 {#R} 0-1

[Event "Olympiad URS"]
[Site "masterchessopen.com - Moscow (Russia)"]
[Round "0"]
[White "Vladimirov Evgeny (KAZ)"]
[Black "Sabitov Odil (UZB)"]
[Result "1-0"]
[WhiteElo "2500"]
[BlackElo "2255"]

1.d4 Nf6 2.c4 c5 3.d5 e6 4.Nc3 exd5 5.cxd5 d6 6.Nf3 g6 7.Nd2 Bg7 8.e4 O-O
9.Be2 Re8 10.O-O Nbd7 11.a4 a6 12.Re1 Ne5 13.Nf1 Rb8 14.a5 b5 15.axb6 Rxb6
16.h3 Qc7 17.Qc2 h6 18.Ra2 g5 19.f4 gxf4 20.Bxf4 Ng6 21.Bh2 Qe7 22.Nd2 Ne5
23.Rea1 Nh7 24.Bxa6 Bd7 25.Kh1 Qh4 26.Be2 Ng5 27.Rf1 Kh8 28.Qd1 Bxh3 29.g3
{#r} 1-0

[Event "It"]
[Site "masterchessopen.com - New York (USA)"]
[Round "0"]
[White "Zaltsman Vitaly F (USA)"]
[Black "Lobron Eric (GER)"]
[Result "0-1"]
[WhiteElo "2390"]
[BlackElo "2480"]

1.d4 Nf6 2.c4 e6 3.Nf3 c5 4.d5 exd5 5.cxd5 d6 6.Nc3 g6 7.e4 Bg7 8.Be2 O-O
9.O-O Re8 10.Nd2 Nbd7 11.Kh1 Ne5 12.f4 Neg4 13.Rf3 Nh5 14.Qe1 f5 15.h3 Ngf6
16.exf5 Bxf5 17.g4 Nxg4 18.hxg4 Bxg4 19.Kg2 Bxc3 20.bxc3 Qe7 21.Kf1 Nxf4
22.Rxf4 Bh3+ 23.Kg1 Qg5+ 24.Rg4 Qxg4+ 25.Bxg4 Rxe1+ 26.Kf2 Rxc1 27.Rxc1 Bxg4
28.Ne4 Rf8+ {#R} 0-1

[Event "Memorial V.Goglidze"]
[Site "masterchessopen.com - Tbilisi (Georgia)"]
[Round "0"]
[White "Zaichik Gennadi (USA)"]
[Black "Velickovic Sasa (SRB)"]
[Result "0-1"]
[WhiteElo "2480"]
[BlackElo "2400"]

1.d4 c5 2.d5 Nf6 3.c4 g6 4.Nc3 Bg7 5.e4 O-O 6.Be2 d6 7.Nf3 e6 8.O-O exd5
9.cxd5 Re8 10.Nd2 Nbd7 11.f4 c4 12.Kh1 Nc5 13.e5 dxe5 14.Nxc4 e4 15.Be3 Nd3
16.Bxd3 exd3 17.Qxd3 Bf5 18.Qd2 Rc8 19.b3 b5 20.Nxb5 Ne4 21.Qd1 Bxa1 22.Qxa1
Qxd5 23.Nxa7 Rcd8 24.Ne5 f6 25.Nf3 Bg4 26.Qd4 Ng3+ 27.hxg3 Qh5+ 28.Kg1 Rxd4
29.Bxd4 Bxf3 30.gxf3 Re2 31.Rf2 Re1+ 32.Rf1 Rxf1+ 33.Kxf1 Qxf3+ 34.Bf2 Qd1+
35.Kg2 Qc2 36.Kf1 Qxa2 {#R} 0-1

[Event "It"]
[Site "masterchessopen.com - Beer-Sheva (Israel)"]
[Round "5"]
[White "Diker Michael (ISR)"]
[Black "Kindermann Stefan (AUT)"]
[Result "0-1"]
[WhiteElo "2302"]
[BlackElo "2519"]

1.Nf3 Nf6 2.c4 e6 3.d4 c5 4.d5 exd5 5.cxd5 d6 6.Nc3 g6 7.e4 Bg7 8.Be2 O-O
9.O-O Re8 10.Nd2 Nbd7 11.Qc2 Ne5 12.a4 a6 13.Nc4 Nxc4 14.Bxc4 Ng4 15.Bf4 g5
16.Bd2 Be5 17.g3 Qf6 18.Kg2 Qg6 19.f3 Nf6 20.g4 h5 21.h3 Kg7 22.Ne2 Bd7 23.Ng3
hxg4 24.hxg4 Rh8 25.Rh1 Bxg3 26.Kxg3 b5 27.Ba2 Bxg4 28.b4 Bd7 29.bxc5 g4
30.Bc3 gxf3+ 31.Kf4 Qg4+ 32.Ke3 Qg5+ 33.Kd3 Kg6 34.Bxf6 Kxf6 35.c6 Bg4 36.Rhg1
Rag8 37.Raf1 Qe5 38.axb5 axb5 39.Qc3 Qxc3+ 40.Kxc3 Ke5 41.Kd3 f5 42.exf5 Kf4
{#R} 0-1

[Event "It (open)"]
[Site "masterchessopen.com - Forth Worth (USA)"]
[Round "8"]
[White "Acosta Mariano (ARG)"]
[Black "Gruenfeld Yehuda (ISR)"]
[Result "0-1"]
[WhiteElo "2000"]
[BlackElo "2450"]

1.d4 Nf6 2.c4 c5 3.d5 e6 4.Nc3 exd5 5.cxd5 d6 6.e4 g6 7.Nf3 Bg7 8.Be2 O-O
9.O-O Re8 10.Nd2 Nbd7 11.a4 Ne5 12.Qc2 g5 13.Re1 g4 14.Ra3 Nh5 15.Nf1 Rf8
16.Ne3 Qf6 17.Ncd1 Nf4 18.Nf1 Nxe2+ 19.Rxe2 Qg6 20.Rg3 Qh5 21.Nde3 Ng6 22.h3
gxh3 23.Nf5 hxg2 24.Nh2 Bxf5 25.exf5 Rae8 26.Ree3 Re5 27.fxg6 fxg6 28.Kxg2
Rxe3 29.Bxe3 Qxd5+ 30.Kg1 b6 31.Rg5 Qf7 32.Qd2 Rd8 33.Rd5 Qe6 34.Bg5 Rd7
35.Rd3 d5 36.Re3 Qf7 37.Qe2 h6 38.Re8+ Kh7 39.Bd2 d4 40.b3 Qxb3 41.Ng4 Qb1+
42.Kg2 Qf5 43.f3 g5 44.Qc4 Rf7 45.Qe2 d3 46.Qe4 c4 47.Qxf5+ Rxf5 48.Rc8 Rc5
49.Rxc5 bxc5 {#R} 0-1

[Event "Bundesliga 1983/84"]
[Site "masterchessopen.com - Germany"]
[Round "0"]
[White "Louis Peter"]
[Black "Schubert Christian Dr (GER)"]
[Result "0-1"]
[WhiteElo "2075"]
[BlackElo "2284"]

1.d4 Nf6 2.Nf3 e6 3.c4 c5 4.d5 exd5 5.cxd5 d6 6.Nc3 g6 7.e4 Bg7 8.Be2 O-O
9.O-O Re8 10.Nd2 Nbd7 11.f4 c4 12.Kh1 Nc5 13.e5 dxe5 14.fxe5 Rxe5 15.Nxc4 Re8
16.Bg5 Bf5 17.Ne3 h6 18.Nxf5 hxg5 19.Nxg7 Kxg7 20.Qd4 Ne6 21.Qxf6+ Qxf6
22.Rxf6 Kxf6 23.dxe6 Rxe6 24.Bc4 Re5 25.Rf1+ Rf5 26.Ne4+ Kg7 27.Rxf5 gxf5
28.Nxg5 Rc8 29.b3 b5 30.Bf1 Rc2 31.h3 b4 32.Bc4 a5 33.Nxf7 Rxc4 34.Nd6 Rc1+
35.Kh2 f4 36.Nb7 Rc2 37.Nxa5 f3 38.Kg1 Rxg2+ 39.Kf1 Rxa2 40.Nc6 Rb2 41.Nxb4
Rxb3 42.Nc6 Rc3 43.Nd4 Rd3 44.Nc2 f2 45.Nb4 Rf3 46.Nc2 Kg6 47.Nd4 Rf6 48.Ne2
Kg5 49.Ng3 Kh4 50.Ne4 Rf4 {#R} 0-1